| 000 | 004250000a22001690004500 | ||
|---|---|---|---|
| 003 | MACL | ||
| 005 | 20151231133859.0 | ||
| 008 | 151231b xxu||||| |||| 00| 0 eng d | ||
| 040 |
_aMACL _cMACL |
||
| 041 | _aEnglish | ||
| 082 | _a379.23/HUR | ||
| 100 |
_aHutasoit, M. _925686 |
||
| 245 | _aCompulsory Education in Indonesia | ||
| 260 |
_bUnesco _c1954 _aNetherland |
||
| 650 |
_aEducation _925687 |
||
| 942 |
_cBK _k379/uno _2ddc |
||
| 999 |
_c35360 _d35360 |
||